[Event "DVM U16 2017"]
[Site "Walldorf GER"]
[Date "2017.12.27"]
[Round "2"]
[White "Färber, David"]
[Black "Jahn, Felix"]
[Result "1-0"]
[Termination "normal"]
[Board "8.1"]
[WhiteElo "2147"]
[BlackElo "1648"]
[WhiteClock "00:47:34"]
[BlackClock "00:49:11"]
[WhiteTeam "SV 1947 Walldorf"]
[BlackTeam "BSG Grün-Weiß Leipzig"]
[PlyCount "73"]
[WhiteFideId "12971294"]
[BlackFideId "12983632"]
[EventCountry "GER"]
[EventRounds "7"]
[EventType "team-swiss"]
[EventDate "2017.12.26"]

1. e4 e6 2. d4 d5 3. Nc3 Nf6 4. e5 Nfd7 5. f4 c5 6. Nf3 Nc6 7. Be3 Qb6 8. Na4
Qa5+ 9. c3 Be7 10. Nxc5 Nxc5 11. dxc5 O-O 12. Bd3 Qc7 13. b4 a6 14. O-O Bd7 15.
a3 f6 16. Bd4 Nxd4 17. cxd4 b6 18. exf6 Bxf6 19. Ne5 Be8 20. Kh1 Kh8 21. Qg4
Bf7 22. Qh3 h6 23. cxb6 Qb7 24. Ng4 h5 25. Nxf6 gxf6 26. Be2 Qxb6 27. Bxh5 Bxh5
28. Qxh5+ Kg7 29. Rf3 f5 30. Rg3+ Kf6 31. Qg5+ Kf7 32. Qg7+ Ke8 33. Rc1 Qd6 34.
Rgc3 Qd7 35. Qe5 Rd8 36. Rc6 Rg8 37. Rxe6+ 1-0

[Event "DVM U16 2017"]
[Site "Walldorf GER"]
[Date "2017.12.27"]
[Round "2"]
[White "Rose, Noah"]
[Black "Ivanov, Iliyan"]
[Result "1-0"]
[Termination "normal"]
[Board "8.2"]
[WhiteElo "1565"]
[BlackElo "1556"]
[WhiteClock "00:12:50"]
[BlackClock "00:02:32"]
[WhiteTeam "BSG Grün-Weiß Leipzig"]
[BlackTeam "SV 1947 Walldorf"]
[PlyCount "79"]
[WhiteFideId "12990191"]
[BlackFideId "16247329"]
[EventCountry "GER"]
[EventRounds "7"]
[EventType "team-swiss"]
[EventDate "2017.12.26"]

1. e4 e5 2. Nf3 Nc6 3. Bc4 Bc5 4. c3 Nf6 5. d4 exd4 6. cxd4 Bb4+ 7. Nc3 Nxe4 8.
O-O Bxc3 9. d5 Ne5 10. bxc3 Nxc4 11. Qd4 O-O 12. Qxe4 Nd6 13. Qd3 b6 14. Ng5 f5
15. Nf3 Ne4 16. Bb2 d6 17. c4 Bd7 18. Nd2 Nxd2 19. Qxd2 f4 20. f3 Qg5 21. Rfe1
Rf5 22. Re4 Raf8 23. Rae1 Qh6 24. Re7 R8f7 25. Rxf7 Kxf7 26. Re4 g5 27. Qe1 Qf8
28. Qc3 Kg6 29. Qe1 Rf7 30. a3 Qd8 31. Kf2 h6 32. Kg1 Kh7 33. Kf2 c6 34. dxc6
Bxc6 35. Re6 Rg7 36. Qb1+ Kg8 37. Rg6 Rxg6 38. Qxg6+ Kf8 39. Qg7+ Ke8 40. Bf6
1-0

[Event "DVM U16 2017"]
[Site "Walldorf GER"]
[Date "2017.12.27"]
[Round "2"]
[White "Baureis, Julian"]
[Black "Reichelt, Marius"]
[Result "1/2-1/2"]
[Termination "normal"]
[Board "8.3"]
[WhiteElo "1609"]
[BlackElo "1536"]
[WhiteClock "00:53:35"]
[BlackClock "00:13:23"]
[WhiteTeam "SV 1947 Walldorf"]
[BlackTeam "BSG Grün-Weiß Leipzig"]
[PlyCount "90"]
[WhiteFideId "12991112"]
[BlackFideId "16224019"]
[EventCountry "GER"]
[EventRounds "7"]
[EventType "team-swiss"]
[EventDate "2017.12.26"]

1. d4 d5 2. c4 c6 3. Nf3 Nf6 4. Nc3 e6 5. Bg5 Be7 6. e3 O-O 7. Be2 Nbd7 8. Qc2
h6 9. Bh4 Re8 10. O-O c5 11. Rfd1 Qc7 12. Bg3 Qb6 13. Rac1 cxd4 14. exd4 dxc4
15. Bxc4 Bd6 16. Bxd6 Qxd6 17. Qb3 Nb6 18. Nb5 Qe7 19. Ne5 Nfd5 20. Nc3 Rd8 21.
Be2 Bd7 22. Bf3 Be8 23. Nc4 Rac8 24. Nxd5 Nxd5 25. Ne3 Rxc1 26. Rxc1 Nb6 27. d5
Ba4 28. Qd3 Qd7 29. b3 Bc6 30. Nc4 Bxd5 31. Nxb6 axb6 32. Rd1 Bc6 33. Qxd7 Rxd7
34. Rxd7 Bxd7 35. Bxb7 Kf8 36. Kf1 Ke7 37. Ke2 Kd6 38. b4 Bb5+ 39. Ke3 e5 40.
g3 f5 41. f4 e4 42. h4 Bd7 43. Kd4 Bc6 44. Bc8 Bd7 45. Bb7 Bc6 1/2-1/2

[Event "DVM U16 2017"]
[Site "Walldorf GER"]
[Date "2017.12.27"]
[Round "2"]
[White "Westphal, Simon"]
[Black "Stepanski, Daniel"]
[Result "1-0"]
[Termination "normal"]
[Board "8.4"]
[WhiteElo "1426"]
[BlackElo "1320"]
[WhiteClock "00:22:31"]
[BlackClock "00:21:49"]
[WhiteTeam "BSG Grün-Weiß Leipzig"]
[BlackTeam "SV 1947 Walldorf"]
[PlyCount "115"]
[WhiteFideId "16255917"]
[BlackFideId "16247337"]
[EventCountry "GER"]
[EventRounds "7"]
[EventType "team-swiss"]
[EventDate "2017.12.26"]

1. e4 e5 2. Nf3 Nc6 3. d4 exd4 4. Nxd4 Nf6 5. Nc3 Bb4 6. Nxc6 bxc6 7. Bd3 d5 8.
exd5 cxd5 9. Qe2+ Be6 10. Bb5+ Nd7 11. O-O O-O 12. Bc6 Rb8 13. Nxd5 Bxd5 14.
Bxd5 Nf6 15. Bb3 Re8 16. Qd1 Qe7 17. c3 Rbd8 18. Qc2 Bc5 19. Bg5 Qe5 20. Bh4
Bd6 21. Bg3 Qe2 22. Bxd6 Rxd6 23. Qxe2 Rxe2 24. Rab1 Rb6 25. Rfd1 Rd6 26. Rxd6
cxd6 27. Kf1 Re5 28. Rd1 d5 29. c4 dxc4 30. Rd8+ Re8 31. Rxe8+ Nxe8 32. Bxc4
Nd6 33. Bd5 Kf8 34. Ke2 Ke7 35. Kd3 h6 36. Bc6 f6 37. b4 Nf7 38. Kc4 Ne5+ 39.
Kb5 Kd6 40. Be4 Kc7 41. h3 g5 42. a4 Nf7 43. Ka6 Kb8 44. b5 Nd6 45. Bd5 Ne8 46.
b6 axb6 47. Kxb6 Nc7 48. Be4 h5 49. a5 g4 50. h4 Na8+ 51. Bxa8 Kxa8 52. Kc6 f5
53. Kd5 Kb7 54. Ke5 Ka6 55. Kxf5 Kxa5 56. Kg5 Kb5 57. Kxh5 g3 58. fxg3 1-0

[Event "DVM U16 2017"]
[Site "Walldorf GER"]
[Date "2017.12.27"]
[Round "2"]
[White "Lieberwirth, Kasimir"]
[Black "Yaroshenko, Yaroslav"]
[Result "1-0"]
[Termination "normal"]
[Board "9.1"]
[WhiteElo "2034"]
[BlackElo "1655"]
[WhiteTeam "SG Turm Leipzig"]
[BlackTeam "SK Gräfelfing"]
[PlyCount "89"]
[WhiteFideId "12988146"]
[BlackFideId "16204905"]
[EventCountry "GER"]
[EventRounds "7"]
[EventType "team-swiss"]
[EventDate "2017.12.26"]

1. e4 g6 2. d4 Bg7 3. Nc3 d6 4. Be3 Nd7 5. Qd2 b6 6. Bc4 Bb7 7. f3 Ngf6 8. Bh6
O-O 9. O-O-O c5 10. Nge2 a6 11. dxc5 Nxc5 12. h4 b5 13. Bb3 Nxb3+ 14. axb3 b4
15. Nd5 Bxd5 16. Bxg7 Kxg7 17. exd5 a5 18. Nd4 a4 19. bxa4 Rxa4 20. Nb3 Qa8 21.
Qd4 Rc8 22. g4 Kg8 23. h5 Qb7 24. hxg6 fxg6 25. Rh2 Qa7 26. Qd3 Qd7 27. Rdh1
Kg7 28. Rh6 Rh8 29. Qd4 Kg8 30. Kb1 Ra8 31. Qxb4 Kf7 32. Qf4 Kg7 33. Qd4 Kf7
34. Qc4 Kg7 35. Qd4 Kf7 36. R6h2 Qb7 37. f4 Rac8 38. g5 Nh5 39. f5 Rhg8 40. Rf2
Ke8 41. f6 Kd7 42. Qe4 Rge8 43. Qe6+ Kd8 44. f7 Rf8 45. Na5 1-0

[Event "DVM U16 2017"]
[Site "Walldorf GER"]
[Date "2017.12.27"]
[Round "2"]
[White "Khamenya, Vitalia"]
[Black "Buschmann, Julius"]
[Result "0-1"]
[Termination "normal"]
[Board "9.2"]
[WhiteElo "1881"]
[BlackElo "1585"]
[WhiteTeam "SK Gräfelfing"]
[BlackTeam "SG Turm Leipzig"]
[PlyCount "68"]
[WhiteFideId "12959260"]
[BlackFideId "16255895"]
[EventCountry "GER"]
[EventRounds "7"]
[EventType "team-swiss"]
[EventDate "2017.12.26"]

1. e4 e5 2. Bc4 Nf6 3. d3 Bc5 4. Nc3 Nc6 5. f4 d6 6. f5 Bd7 7. Bg5 h6 8. Bh4
Na5 9. Bb3 Nxb3 10. axb3 c6 11. Nf3 Qe7 12. Qd2 g6 13. fxg6 fxg6 14. Rf1 O-O-O
15. Na4 Bb6 16. Nxb6+ axb6 17. Qb4 Kc7 18. Nd2 g5 19. Nc4 Bc8 20. Qxb6+ Kd7 21.
Bf2 Ke8 22. Ra7 Rd7 23. Qb4 Kf7 24. Nb6 Rc7 25. Nc4 c5 26. Qa5 Be6 27. Na3 b6
28. Rxc7 Qxc7 29. Qc3 Ra8 30. Kd2 Kg6 31. Bg3 Nh5 32. Bf2 Rf8 33. Ke3 Qf7 34.
Qe1 Qf4+ 0-1

[Event "DVM U16 2017"]
[Site "Walldorf GER"]
[Date "2017.12.27"]
[Round "2"]
[White "Bosch, Jonael"]
[Black "Zieringer, Sebastian"]
[Result "1/2-1/2"]
[Termination "normal"]
[Board "9.3"]
[WhiteElo "1569"]
[BlackElo "1796"]
[WhiteTeam "SG Turm Leipzig"]
[BlackTeam "SK Gräfelfing"]
[PlyCount "41"]
[WhiteFideId "16251253"]
[BlackFideId "16222008"]
[EventCountry "GER"]
[EventRounds "7"]
[EventType "team-swiss"]
[EventDate "2017.12.26"]

1. e4 e5 2. Nf3 Nc6 3. Bb5 a6 4. Bxc6 dxc6 5. O-O Bg4 6. h3 Bh5 7. d3 Bd6 8.
Be3 Qd7 9. Nbd2 f6 10. c3 Bf7 11. d4 Ne7 12. dxe5 fxe5 13. Qe2 h6 14. Nc4 Qe6
15. Na5 O-O-O 16. Nd2 g5 17. c4 Ng6 18. c5 Be7 19. b4 Nf4 20. Bxf4 exf4 21. a4
1/2-1/2

[Event "DVM U16 2017"]
[Site "Walldorf GER"]
[Date "2017.12.27"]
[Round "2"]
[White "Stepanov, Maximilian"]
[Black "Kreicarek, Tobias"]
[Result "1/2-1/2"]
[Termination "normal"]
[Board "9.4"]
[WhiteElo "1303"]
[BlackElo "1415"]
[WhiteTeam "SK Gräfelfing"]
[BlackTeam "SG Turm Leipzig"]
[PlyCount "92"]
[WhiteFideId "16244680"]
[BlackFideId "16255909"]
[EventCountry "GER"]
[EventRounds "7"]
[EventType "team-swiss"]
[EventDate "2017.12.26"]

1. d4 f5 2. c4 Nf6 3. Nc3 g6 4. Nf3 Bg7 5. Bf4 O-O 6. e3 d6 7. Be2 c6 8. O-O
Re8 9. d5 c5 10. Qd2 Nbd7 11. Rfd1 Nb6 12. Rac1 Bd7 13. b3 Qc7 14. a4 Rad8 15.
Bg5 e5 16. dxe6 Bxe6 17. Bxf6 Bxf6 18. Nb5 Qb8 19. Nc3 Rd7 20. a5 Nc8 21. Nd5
Bxd5 22. Qxd5+ Kg7 23. Ne1 Ne7 24. Qd2 Red8 25. Bf3 Nc6 26. Bd5 Nb4 27. e4 Nxd5
28. exd5 Re7 29. Nd3 g5 30. Re1 Rde8 31. Rxe7+ Rxe7 32. b4 b6 33. b5 Qe8 34.
axb6 axb6 35. Re1 Rxe1+ 36. Qxe1 Qxe1+ 37. Nxe1 Bd4 38. Kf1 Kf6 39. Ke2 f4 40.
f3 h5 41. h3 Kf5 42. Nd3 g4 43. hxg4+ hxg4 44. Ne1 gxf3+ 45. Kxf3 Be3 46. g4+
Kf6 1/2-1/2

[Event "DVM U16 2017"]
[Site "Walldorf GER"]
[Date "2017.12.27"]
[Round "2"]
[White "Reindl, Knut"]
[Black "Mühlpfordt, Thomas"]
[Result "1-0"]
[Termination "normal"]
[Board "10.1"]
[WhiteElo "1814"]
[BlackElo "1951"]
[WhiteTeam "SG Schwäbisch Gmünd"]
[BlackTeam "SC 1997 Lambsheim"]
[PlyCount "83"]
[WhiteFideId "12946753"]
[BlackFideId "12986623"]
[EventCountry "GER"]
[EventRounds "7"]
[EventType "team-swiss"]
[EventDate "2017.12.26"]

1. c4 c6 2. g3 d5 3. Bg2 Nf6 4. Nf3 e6 5. O-O Nbd7 6. d3 Bd6 7. Nc3 O-O 8. a3
Nb6 9. Na4 Nxa4 10. Qxa4 e5 11. Bg5 d4 12. b4 h6 13. Bxf6 Qxf6 14. Nd2 Bd7 15.
Qb3 Rac8 16. a4 a6 17. c5 Bc7 18. b5 cxb5 19. axb5 Bxb5 20. Bxb7 Rb8 21. Qd5
Rfd8 22. Qf3 Qxf3 23. Bxf3 Rdc8 24. Rfc1 f5 25. Bd5+ Kh7 26. Nc4 Bxc4 27. Rxc4
a5 28. Be6 Rf8 29. e3 dxe3 30. fxe3 Rf6 31. Bd7 f4 32. exf4 exf4 33. gxf4 Bxf4
34. c6 Be3+ 35. Kh1 Rb2 36. c7 Rff2 37. Rh4 Bf4 38. c8=Q g5 39. Bf5+ Kg7 40.
Qd7+ Kf8 41. Rxh6 Rxh2+ 42. Rxh2 1-0

[Event "DVM U16 2017"]
[Site "Walldorf GER"]
[Date "2017.12.27"]
[Round "2"]
[White "Wacker, Andreas"]
[Black "Lang, Thomas"]
[Result "1/2-1/2"]
[Termination "normal"]
[Board "10.2"]
[WhiteElo "1823"]
[BlackElo "1749"]
[WhiteTeam "SC 1997 Lambsheim"]
[BlackTeam "SG Schwäbisch Gmünd"]
[PlyCount "68"]
[WhiteFideId "12953083"]
[BlackFideId "12982520"]
[EventCountry "GER"]
[EventRounds "7"]
[EventType "team-swiss"]
[EventDate "2017.12.26"]

1. e4 c5 2. Nc3 Nc6 3. g3 d6 4. Bg2 g6 5. d3 Bg7 6. f4 e6 7. Nf3 Nge7 8. O-O
O-O 9. Be3 b6 10. Rb1 Bb7 11. Bf2 f5 12. Ng5 Qd7 13. exf5 exf5 14. Re1 Rae8 15.
Nd5 Nd8 16. Nxe7+ Rxe7 17. c3 Rxe1+ 18. Qxe1 Re8 19. Qd2 Bxg2 20. Kxg2 Qc6+ 21.
Nf3 Nf7 22. Re1 Kf8 23. Rxe8+ Qxe8 24. d4 Qe6 25. b3 Bf6 26. Qe3 Ke7 27. Kf1
Qe4 28. Ke2 Qxe3+ 29. Bxe3 Kd7 30. Kd3 Kc6 31. c4 d5 32. Ne5+ Bxe5 33. dxe5 d4
34. Bd2 Nd8 1/2-1/2

[Event "DVM U16 2017"]
[Site "Walldorf GER"]
[Date "2017.12.27"]
[Round "2"]
[White "Reindl, Jork"]
[Black "Dalchow, Jonas"]
[Result "1/2-1/2"]
[Termination "normal"]
[Board "10.3"]
[WhiteElo "1648"]
[BlackElo "1758"]
[WhiteTeam "SG Schwäbisch Gmünd"]
[BlackTeam "SC 1997 Lambsheim"]
[PlyCount "81"]
[WhiteFideId "16200152"]
[BlackFideId "12971251"]
[EventCountry "GER"]
[EventRounds "7"]
[EventType "team-swiss"]
[EventDate "2017.12.26"]

1. e4 c6 2. d4 d5 3. e5 Bf5 4. Nf3 e6 5. Bd3 Bxd3 6. Qxd3 Nd7 7. c3 c5 8. a3
Qb6 9. b4 cxd4 10. cxd4 Ne7 11. Be3 Nf5 12. O-O Nxe3 13. fxe3 Be7 14. Nbd2 O-O
15. h3 Rac8 16. Nh2 Qd8 17. Rf3 Nb6 18. Nhf1 Nc4 19. Nxc4 Rxc4 20. Nd2 Rc6 21.
Qf1 Qc7 22. Qe1 Rc8 23. Rf1 Rc2 24. Nf3 Qc3 25. Qxc3 R8xc3 26. Rfe1 Rb3 27.
Rac1 Rcc3 28. Nd2 Rxa3 29. Nb1 Rxc1 30. Rxc1 Ra1 31. Kf2 Bxb4 32. Rc8+ Bf8 33.
Nc3 Rc1 34. Ke2 Rc2+ 35. Kd1 Rxg2 36. e4 dxe4 37. Nxe4 g6 38. Rc7 h6 39. Nf6+
Kg7 40. Ne8+ Kg8 41. Nf6+ 1/2-1/2

[Event "DVM U16 2017"]
[Site "Walldorf GER"]
[Date "2017.12.27"]
[Round "2"]
[White "Dalchow, Mario"]
[Black "Schmid, Tim"]
[Result "1-0"]
[Termination "normal"]
[Board "10.4"]
[WhiteElo "1619"]
[BlackElo "1055"]
[WhiteTeam "SC 1997 Lambsheim"]
[BlackTeam "SG Schwäbisch Gmünd"]
[PlyCount "29"]
[WhiteFideId "12971421"]
[BlackFideId "16255925"]
[EventCountry "GER"]
[EventRounds "7"]
[EventType "team-swiss"]
[EventDate "2017.12.26"]

1. e4 e5 2. Nf3 Nc6 3. Bc4 Bc5 4. c3 Nf6 5. d4 Bd6 6. d5 Ne7 7. Qe2 b6 8. O-O
O-O 9. Bg5 h6 10. Bxf6 gxf6 11. Nh4 Kh8 12. Qh5 Ng8 13. Nf5 Kh7 14. Qg4 Kh8 15.
Qg7# 1-0

[Event "DVM U16 2017"]
[Site "Walldorf GER"]
[Date "2017.12.28"]
[Round "3"]
[White "Engel, Luis"]
[Black "Roseneck, Jonas"]
[Result "1-0"]
[Termination "normal"]
[Board "1.1"]
[WhiteElo "2362"]
[BlackElo "2287"]
[WhiteClock "00:25:05"]
[BlackClock "00:03:34"]
[WhiteTeam "Hamburger SK"]
[BlackTeam "SG Aufbau Elbe Magdeburg"]
[PlyCount "113"]
[WhiteFideId "12961523"]
[BlackFideId "12939870"]
[EventCountry "GER"]
[EventRounds "7"]
[EventType "team-swiss"]
[EventDate "2017.12.26"]

1. e4 c5 2. Nf3 d6 3. Bb5+ Nc6 4. O-O Bd7 5. Re1 Nf6 6. c3 a6 7. Bf1 Bg4 8. d4
cxd4 9. cxd4 e5 10. Be3 exd4 11. Bxd4 Bxf3 12. gxf3 Be7 13. Nc3 O-O 14. Be3 Re8
15. Bg2 Qd7 16. Qe2 Rac8 17. Rad1 Qc7 18. f4 Bf8 19. Kh1 Na5 20. Bd4 Be7 21.
Bh3 Ra8 22. Rg1 Qc4 23. Rd3 g6 24. b3 Qc7 25. Rdg3 Nc6 26. Be3 Bf8 27. f5 Nxe4
28. Nxe4 Rxe4 29. fxg6 fxg6 30. Qc2 Re7 31. Bg5 Nd4 32. Qd2 Ne2 33. Bxe7 Nxg3+
34. hxg3 Qxe7 35. Re1 Qc7 36. Bg2 Kh8 37. Re6 Rd8 38. Qd4+ Bg7 39. Qe3 Bf8 40.
Bd5 b6 41. Rf6 Qe7 42. Qxe7 Bxe7 43. Rf7 Rd7 44. Kg2 Rc7 45. b4 a5 46. a3 axb4
47. axb4 Ra7 48. Kh3 Rc7 49. Kg4 h6 50. f4 h5+ 51. Kh3 b5 52. Kg2 g5 53. f5
Rc2+ 54. Kf1 Rc7 55. Ke1 h4 56. gxh4 gxh4 57. f6 1-0

[Event "DVM U16 2017"]
[Site "Walldorf GER"]
[Date "2017.12.28"]
[Round "3"]
[White "Biastoch, Bennet"]
[Black "Holinka, Henning"]
[Result "0-1"]
[Termination "normal"]
[Board "1.2"]
[WhiteElo "2234"]
[BlackElo "2069"]
[WhiteClock "00:14:32"]
[BlackClock "00:25:46"]
[WhiteTeam "SG Aufbau Elbe Magdeburg"]
[BlackTeam "Hamburger SK"]
[PlyCount "40"]
[WhiteFideId "12939889"]
[BlackFideId "12967084"]
[EventCountry "GER"]
[EventRounds "7"]
[EventType "team-swiss"]
[EventDate "2017.12.26"]

1. e4 g6 2. d4 Bg7 3. Nc3 d6 4. f4 a6 5. Nf3 b5 6. Bd3 Bb7 7. O-O Nd7 8. e5 c5
9. Be3 Nh6 10. Qd2 Ng4 11. Rad1 Bxf3 12. Rxf3 Nxe3 13. Qxe3 cxd4 14. Qxd4 dxe5
15. Qd5 O-O 16. Bxb5 Qb6+ 17. Kf1 Nf6 18. Qc6 Qa7 19. Be2 Ng4 20. Rh3 Qf2# 0-1

[Event "DVM U16 2017"]
[Site "Walldorf GER"]
[Date "2017.12.28"]
[Round "3"]
[White "Engel, Robert"]
[Black "Wagner, Benjamin"]
[Result "1-0"]
[Termination "normal"]
[Board "1.3"]
[WhiteElo "1942"]
[BlackElo "2005"]
[WhiteClock "00:07:23"]
[BlackClock "00:13:56"]
[WhiteTeam "Hamburger SK"]
[BlackTeam "SG Aufbau Elbe Magdeburg"]
[PlyCount "73"]
[WhiteFideId "12974684"]
[BlackFideId "12957330"]
[EventCountry "GER"]
[EventRounds "7"]
[EventType "team-swiss"]
[EventDate "2017.12.26"]

1. d4 Nf6 2. c4 g6 3. Nc3 Bg7 4. e4 d6 5. Be2 O-O 6. Be3 e5 7. d5 a5 8. g4 Nfd7
9. h4 Na6 10. h5 Qe7 11. Qd2 Re8 12. O-O-O Nf8 13. Nh3 b6 14. Rh2 Nc5 15. Rdh1
a4 16. hxg6 fxg6 17. Ng5 h6 18. Nf3 g5 19. Rxh6 Bxh6 20. Rxh6 Bxg4 21. Bxg5 Qf7
22. Bf6 Nh7 23. Qg5+ Kf8 24. Qh4 Nd7 25. Rxh7 Qxf6 26. Qxg4 Re7 27. Ng5 Ke8 28.
Qh5+ Kd8 29. Rh8+ Nf8 30. Ne6+ Kd7 31. Qh3 Nxe6 32. dxe6+ Kc6 33. Rxa8 Rg7 34.
Qe3 Rg1+ 35. Kc2 Qxe6 36. Ra7 Qe8 37. Nd5 1-0

[Event "DVM U16 2017"]
[Site "Walldorf GER"]
[Date "2017.12.28"]
[Round "3"]
[White "Hoffmann, Lennard"]
[Black "Fuhrmann, Äke"]
[Result "1-0"]
[Termination "normal"]
[Board "1.4"]
[WhiteElo "2041"]
[BlackElo "1760"]
[WhiteClock "00:23:31"]
[BlackClock "00:08:45"]
[WhiteTeam "SG Aufbau Elbe Magdeburg"]
[BlackTeam "Hamburger SK"]
[PlyCount "88"]
[WhiteFideId "12943495"]
[BlackFideId "12983853"]
[EventCountry "GER"]
[EventRounds "7"]
[EventType "team-swiss"]
[EventDate "2017.12.26"]

1. e4 c5 2. Nf3 d6 3. d4 cxd4 4. Nxd4 Nf6 5. Nc3 g6 6. Be3 Bg7 7. f3 O-O 8. Qd2
Nc6 9. O-O-O d5 10. exd5 Nxd5 11. Nxc6 bxc6 12. Bd4 Bxd4 13. Qxd4 Qb6 14. Nxd5
cxd5 15. h4 Qxd4 16. Rxd4 Bb7 17. h5 e5 18. Rb4 Bc6 19. Bd3 Rab8 20. Rg4 Bb5
21. hxg6 hxg6 22. Re1 Bxd3 23. cxd3 Rfc8+ 24. Kb1 Rc3 25. Rxe5 Rc5 26. Rd4 Rd8
27. b4 Rb5 28. a4 Rb7 29. b5 Rbd7 30. Kc2 Kf8 31. Kc3 Rd6 32. Rh4 Kg7 33. Re7
R6d7 34. Rxd7 Rxd7 35. Rh1 Kf6 36. Re1 Rc7+ 37. Kd4 Rc2 38. Kxd5 Ra2 39. Re4
Rxg2 40. Rc4 Re2 41. Rf4+ Kg7 42. Kc6 Re6+ 43. Kb7 a6 44. b6 Rxb6+ 1-0

[Event "DVM U16 2017"]
[Site "Walldorf GER"]
[Date "2017.12.28"]
[Round "3"]
[White "Biermann, Florian"]
[Black "Elier, Ali"]
[Result "1-0"]
[Termination "normal"]
[Board "2.1"]
[WhiteElo "1945"]
[BlackElo "1910"]
[WhiteClock "00:14:34"]
[BlackClock "00:47:49"]
[WhiteTeam "SG Bochum"]
[BlackTeam "SF Brackel"]
[PlyCount "57"]
[WhiteFideId "12970069"]
[BlackFideId "16217543"]
[EventCountry "GER"]
[EventRounds "7"]
[EventType "team-swiss"]
[EventDate "2017.12.26"]

1. c4 e6 2. Nf3 Nf6 3. g3 d5 4. b3 Be7 5. Bb2 O-O 6. Bg2 c5 7. O-O Nc6 8. cxd5
exd5 9. d4 Be6 10. Nbd2 Rc8 11. Rc1 b6 12. e3 Nb4 13. Ne5 Nd7 14. Ndf3 Nxe5 15.
Nxe5 f6 16. Nd3 c4 17. Nf4 Bf7 18. a3 Nc6 19. Qf3 cxb3 20. Nxd5 Kh8 21. Rc3 Na5
22. Rxc8 Qxc8 23. Rc1 Bxd5 24. Qxd5 Qxc1+ 25. Bxc1 Rc8 26. Bb2 h6 27. Qe6 Rc2
28. Bd5 Rxb2 29. Qg8# 1-0

[Event "DVM U16 2017"]
[Site "Walldorf GER"]
[Date "2017.12.28"]
[Round "3"]
[White "Garbuz, Vitaliy"]
[Black "Biermann, Lenhard"]
[Result "0-1"]
[Termination "normal"]
[Board "2.2"]
[WhiteElo "2022"]
[BlackElo "1941"]
[WhiteClock "00:24:58"]
[BlackClock "00:19:10"]
[WhiteTeam "SF Brackel"]
[BlackTeam "SG Bochum"]
[PlyCount "60"]
[WhiteFideId "12990710"]
[BlackFideId "12970077"]
[EventCountry "GER"]
[EventRounds "7"]
[EventType "team-swiss"]
[EventDate "2017.12.26"]

1. e4 e6 2. d4 d5 3. Nd2 Nf6 4. e5 Nfd7 5. f4 c5 6. c3 Nc6 7. Ndf3 Qb6 8. g3
cxd4 9. cxd4 Be7 10. Kf2 g5 11. fxg5 Ndxe5 12. Nxe5 Nxe5 13. Kg2 Nc6 14. Nf3
Bd7 15. Be2 Bf8 16. Be3 Bg7 17. Qd2 O-O 18. h4 Qb4 19. Qd1 e5 20. a3 Qb6 21.
Qd2 e4 22. Ne5 Bxe5 23. dxe5 d4 24. g6 fxg6 25. Bc4+ Kh8 26. h5 Bf5 27. Raf1
dxe3 28. Qd6 Kg7 29. h6+ Kh8 30. b4 Rad8 0-1

[Event "DVM U16 2017"]
[Site "Walldorf GER"]
[Date "2017.12.28"]
[Round "3"]
[White "Gluma, Christian"]
[Black "Kartsev, Nikolay"]
[Result "0-1"]
[Termination "normal"]
[Board "2.3"]
[WhiteElo "1623"]
[BlackElo "2083"]
[WhiteClock "00:14:13"]
[BlackClock "00:22:10"]
[WhiteTeam "SG Bochum"]
[BlackTeam "SF Brackel"]
[PlyCount "122"]
[WhiteFideId "16223209"]
[BlackFideId "12939536"]
[EventCountry "GER"]
[EventRounds "7"]
[EventType "team-swiss"]
[EventDate "2017.12.26"]

1. e4 c6 2. Nf3 d5 3. exd5 cxd5 4. Ne5 Nf6 5. d4 e6 6. Bb5+ Bd7 7. Nxd7 Nbxd7
8. O-O Bd6 9. Nd2 Qb6 10. Bxd7+ Nxd7 11. c3 O-O 12. Nf3 Rae8 13. Qd3 f6 14. Bd2
Bb8 15. Rfe1 Qd6 16. g3 e5 17. Qb5 Nb6 18. Rad1 a6 19. Qb3 e4 20. Nh4 f5 21.
Ng2 h6 22. h4 Rf7 23. h5 g5 24. hxg6 Qxg6 25. Nf4 Bxf4 26. Bxf4 h5 27. Kg2 Nc4
28. Qc2 h4 29. b3 h3+ 30. Kh2 Nb6 31. Qe2 Rh7 32. Rg1 Qg4 33. Rde1 Rc8 34.
Qxg4+ fxg4 35. Rc1 Rf7 36. Rc2 Rf6 37. Rgc1 Rfc6 38. Bg5 Kf7 39. Bf4 Kg6 40.
Kg1 Kf5 41. Kh2 Nd7 42. c4 b6 43. Rc3 Nf8 44. Kg1 Ne6 45. Be3 Ng5 46. Bxg5 Kxg5
47. Kh2 Kf5 48. Kg1 Ke6 49. Kh2 Kd6 50. Kg1 dxc4 51. bxc4 b5 52. c5+ Kd5 53.
Rd1 Rf8 54. Re3 Rcf6 55. Re2 Rf3 56. Rde1 Re8 57. Re3 Kxd4 58. c6 Rxe3 59.
fxe3+ Kd3 60. c7 Rc8 61. Rc1 Kxe3 0-1

[Event "DVM U16 2017"]
[Site "Walldorf GER"]
[Date "2017.12.28"]
[Round "3"]
[White "Seref, Erdogan"]
[Black "Gerzen, Robin"]
[Result "1-0"]
[Termination "normal"]
[Board "2.4"]
[WhiteElo "1849"]
[BlackElo "1660"]
[WhiteClock "00:23:44"]
[BlackClock "00:08:30"]
[WhiteTeam "SF Brackel"]
[BlackTeam "SG Bochum"]
[PlyCount "46"]
[WhiteFideId "16206827"]
[BlackFideId "16206819"]
[EventCountry "GER"]
[EventRounds "7"]
[EventType "team-swiss"]
[EventDate "2017.12.26"]

1. e4 e6 2. d4 b6 3. Nc3 Bb7 4. Bd3 d6 5. Nf3 Nd7 6. Qe2 g6 7. Bg5 Ne7 8. O-O
Bg7 9. Rad1 h6 10. Be3 d5 11. exd5 Nxd5 12. Nxd5 Bxd5 13. c4 Bxf3 14. Qxf3 O-O
15. Be4 Rb8 16. Qh3 Kh7 17. Bc6 Qe7 18. Bf4 Rbd8 19. Rfe1 Nb8 20. Bf3 g5 21.
Be4+ Kh8 22. Be5 Bxe5 23. Qxh6+ Kg8 1-0

[Event "DVM U16 2017"]
[Site "Walldorf GER"]
[Date "2017.12.28"]
[Round "3"]
[White "Silber, Kevin"]
[Black "Browning, Alex"]
[Result "0-1"]
[Termination "normal"]
[Board "3.1"]
[WhiteElo "2038"]
[BlackElo "2164"]
[WhiteClock "00:01:24"]
[BlackClock "00:11:09"]
[WhiteTeam "Delmenhorster SK"]
[BlackTeam "MS Halver-Schalksmühle"]
[PlyCount "96"]
[WhiteFideId "12930440"]
[BlackFideId "12984019"]
[EventCountry "GER"]
[EventRounds "7"]
[EventType "team-swiss"]
[EventDate "2017.12.26"]

1. e4 c5 2. c4 Nc6 3. Ne2 Qb6 4. Nbc3 e6 5. d3 Nf6 6. Na4 Qc7 7. Be3 d6 8. Nac3
a6 9. f3 Be7 10. d4 O-O 11. d5 exd5 12. exd5 Ne5 13. Ng3 Re8 14. Be2 Bf8 15.
Kf2 g6 16. Re1 Bg7 17. Bd2 b5 18. cxb5 c4 19. Be3 Rb8 20. a4 Bd7 21. h3 axb5
22. axb5 Bxb5 23. Ra7 Qd8 24. Ra2 Qd7 25. Qd2 Nd3+ 26. Bxd3 cxd3 27. Ra7 Rb7
28. Rea1 Bc4 29. Rxb7 Qxb7 30. Ra7 Qb8 31. Ra5 Rc8 32. Nge4 Nxe4+ 33. fxe4 Re8
34. Ra4 Bb3 35. Ra6 Bc2 36. Rb6 Qd8 37. Rc6 Qh4+ 38. Kg1 Be5 39. Qf2 Bg3 40.
Qf3 Be5 41. Qf2 Qg3 42. Qxg3 Bxg3 43. Bf2 Bf4 44. Bd4 d2 45. Kf2 Bxe4 46. b4
Bxd5 47. Ra6 Re1 48. Nxd5 Rf1+ 0-1